SAT Words Click Quiz - L - Statistics

General Stats
  • This quiz has been taken 745 times
  • The average score is 11 of 15
Answer Stats
Hint Answer % Correct
Jagged cut or wound Laceration
91%
Theft, stealing Larceny
88%
Vocabulary; dictionary Lexicon
88%
Praiseworthy Laudable
86%
Raised embankment to stop flooding Levee
86%
Emitting light, shining Luminous
86%
One who is slow to act Laggard
77%
Causing tears or sadness Lachrymose
75%
Someone brilliant in their field Luminary
75%
Generosity Largesse
70%
Sluggish, lacking energy Languid
69%
Lacking sexual inhibitions Licentious
68%
Light and cheerful melody Lilt
66%
A dispute over words or verbiage Logomachy
64%
Lithe and graceful in movement Lissome
55%
No matching quizzes found
Score Distribution
Percent of People with Each Score
Percentile by Number Answered
Your Score History
You have not taken this quiz